Normal view
MARC view
Entry Corporate Name
001 - CONTROL NUMBER
- control field: 49465
003 - CONTROL NUMBER IDENTIFIER
- control field: ARRUPE
005 - DATE AND TIME OF LATEST TRANSACTION
- control field: 20200207112551.0
008 - FIXED-LENGTH DATA ELEMENTS
- fixed length control field: 200207|| aca||aabn | a|a d
040 ## - CATALOGING SOURCE
- Original cataloging agency: ARRUPE
- Transcribing agency: ARRUPE
110 ## - HEADING--CORPORATE NAME
- Corporate name or jurisdiction name as entry element: Church of England
- General subdivision: Clergy
- General subdivision: Diaries.
670 ## - SOURCE DATA FOUND
- Source citation: Work cat.: (ARRUPE)0: Kilvert, Robert Francis, 1840-1879. 49464, Kilvert's diary, 1870-1879 :, 1979